La vida del Buscón / (Registro nro. 10488)

Detalles MARC
000 -LIDER
fixed length control field 00961nam a22002777a 4500
001 - NÚMERO DE CONTROL
Identificador de número de control 0004510
003 - IDENTIFICACDOR DE NÚMERO DE CONTROL
control field DO-SdBNP
005 - DATE AND TIME OF LATEST TRANSACTION
control field 20230515135310.0
007 - CAMPOS FIJOS DE DESCRIPCIÓN FÍSICA
fixed length control field 0004510
008 - ELEMENTOS DE LONGITUD FIJA
fixed length control field 160622b1986 ag |||| 00| 0 spa d
020 ## - ISBN
International Standard Book Number 9501323005
040 ## - FUENTE DE CATALOGACIÓN
Agencia que crea de manera original el registro BPMSU
Idioma de catalogación spa
Agencia que realiza la transcripción BPMSU
082 #4 - NÚMERO DE CLASIFICACIÓN DECIMAL DE DEWEY
Classification number 867.3
Item number Q5b 1986
Edition number 22
100 1# - ASIENTO PRINCIPAL -- NOMBRE PERSONAL
Nombre personal Quevedo, Francisco de,
Fechas asociadas con el nombre 1580-1645.
245 13 - MENCIÓN DE TITULO
Título La vida del Buscón /
Mención de responsabilidad Francisco de Quevedo y Villegas ; estudio preliminar y notas de Raquel Minian de Alfie.
260 ## - PUBLICACIÓN, DISTRIBUCIÓN, ETC. (PIE DE IMPRENTA)
Lugar de publicación, distribución, etc Santafe de Bogota :
Nombre del editor, distribuidor, etc. Panamericana,
Fecha de publicación, distribución, etc 1998.
300 ## - DESCRIPCIÓN FÍSICA
Extensión 230 p. :
Otros detalles físicos il. ;
Dimensiones 17 cm.
490 0# - MENCIÓN DE SERIES
Mención de serie Grandes obras de la literatura universal,
Volume/sequential designation 165
500 ## - NOTA GENERAL
Nota general Incluye referencias bibliográficas y notas al pie de las páginas
590 ## - NOTA LOCAL
Texto de la nota local Inventariado, 2023/VM
650 #4 - ENCABEZAMIENTO DE MATERIA--TEMÁTICO
Término temático o nombre geográfico como elemento de entrada Lliteratura picaresca epañola
650 #4 - ENCABEZAMIENTO DE MATERIA--TEMÁTICO
Término temático o nombre geográfico como elemento de entrada Satira espñala
700 1# - ASIENTO SECUNDARIO -- NOMBRE PERSONAL
Nombre personal Minian de Alfie, Raquel
910 ## - VALIDACIÓN
Validación LOPEREZ/ VMateo V. Control de calidad (BPMSU)
942 ## - ADDED ENTRY ELEMENTS (KOHA)
Source of classification or shelving scheme Dewey Decimal Classification
Koha item type Libros
Existencias
Withdrawn status Lost status Source of classification or shelving scheme Damaged status Not for loan Collection code Home library Current library Date acquired Source of acquisition Full call number Barcode Date last seen Price effective from Koha item type
    Dewey Decimal Classification     Colección General Biblioteca Pública Metropolitana Salomé Ureña Biblioteca Pública Metropolitana Salomé Ureña 06/22/2016 FUNDI BPMSU CG 867.3 Q5b 1986 BPMSU16060327 06/22/2016 06/22/2016 Libros